00767nam a2200229 a 450000100060000000300080000600500170001400800410003103500190007204000350009104100080012608200290013410000410016324500880020426000530029230000200034550000300036565000390039565000540043465000160048870000330050468924BD-RjUL20211209081829.0190421s1942 ii r s i0 a0eng c a(BD-RjUL)69135 aBD-RjULcBD-RjULdBD-RjULbeng aeng 223a355.260973bGRL 19421 a Gregory, Theodor Emmanuel Gugenheim10aLease Lend : bwhat it is and how it works /cby T. E. Gregory and M. W. M. Yeatts. aNew Delhi : bGovernment of India Press, c1942. a22 p. ;c24 cm. a"For Restricted use only" aLend-lease operations (1941-1945)  aWorld War, 1939-1945 xEconomic aspects zIndia.  aEconomics.  aYeatts, M. W. M. , jt. auth.